000 00265nam a22001217a 4500
008 171016b xxu||||| |||| 00| 0 eng d
041 _aalb
080 _a331.101.262
100 _a52
101 _aBNJ
245 _aKOMUNIKIMI NĂ‹ BIZNES
_cDEMO,E
942 _2udc
_cBK
999 _c34240
_d34240